000 00312nam a22001337a 4500
008 170424b xxu||||| |||| 00| 0 eng d
020 _a070153019
041 _aeng
080 _a54
100 _a12
101 _ashm
245 _aMATHEMATICAL PREPARATION FOR PHYSICAL CHEMISTRY
_cDANIELS, F
942 _2udc
_cBK
999 _c11745
_d11745